[Event "IMSA Blitz Men 2019"]
[Site "Hengshui"]
[Date "2019.05.17"]
[Round "4.1"]
[White "Wang, Hao"]
[Black "Gelfand, Boris"]
[Result "1/2-1/2"]
[WhiteElo "2735"]
[BlackElo "2676"]
[Annotator "ChessBase"]
[PlyCount "126"]
[EventDate "2019.05.17"]
[EventType "blitz"]
[EventCountry "CHN"]
[SourceTitle "playchess.com"]
[Source "ChessBase"]
[SourceQuality "1"]
[TimeControl "180+2"]

1. e4 {[%emt 0:00:00]} c5 {[%emt 0:00:00]} 2. Nf3 {[%emt 0:00:00]} Nc6 {[%emt 0:00:01]} 3. Bb5 {[%emt 0:00:01]} e6 {[%emt 0:00:00]} 4. O-O Nge7 5. c3 {[%emt 0:00:05]} a6 {[%emt 0:00:03]} 6. Ba4 {[%emt 0:00:01]} b5 {[%emt 0:00:01]} 7. Bc2 {[%emt 0:00:01]} Bb7 {[%emt 0:00:00]} 8. Re1 {[%emt 0:00:02]} c4 {[%emt 0:00:05]} 9. a4 {[%emt 0:00:09]} Ng6 {[%emt 0:00:01]} 10. axb5 {[%emt 0:00:17]} axb5 {[%emt 0:00:00]} 11. Rxa8 {[%emt 0:00:01]} Qxa8 {[%emt 0:00:03]} 12. d4 {[%emt 0:00:02]} cxd3 {[%emt 0:00:01]} 13. Bxd3 {[%emt 0:00:03]} b4 {[%emt 0:00:04]} 14. Bb5 {[%emt 0:00:26]} Be7 {[%emt 0:00:14]} 15. cxb4 {[%emt 0:00:05]} O-O {[%emt 0:00:26]} 16. Nc3 {[%emt 0:00:06]} Nxb4 {[%emt 0:00:10]} 17. Bxd7 {[%emt 0:00:28]} Rd8 {[%emt 0:00:15]} 18. Qa4 {[%emt 0:00:06]} Nd3 {[%emt 0:00:41]} 19. Rd1 {[%emt 0:00:25]} Nxc1 {[%emt 0:00:12]} 20. Rxc1 {[%emt 0:00:02]} Nf4 {[%emt 0:00:00]} 21. Qxa8 {[%emt 0:00:07]} Bxa8 {[%emt 0:00:02]} 22. Bb5 {[%emt 0:00:01]} Rb8 {[%emt 0:00:15]} 23. g3 {[%emt 0:00:40]} Rxb5 {[%emt 0:00:16]} 24. Ra1 {[%emt 0:00:01]} Ne2+ {[%emt 0:00:16]} 25. Nxe2 {[%emt 0:00:08]} Bb7 {[%emt 0:00:08]} 26. Ra2 {[%emt 0:00:13]} h6 {[%emt 0:00:06]} 27. Nc3 {[%emt 0:00:01]} Rb4 {[%emt 0:00:01]} 28. Kf1 {[%emt 0:00:06]} Bf6 {[%emt 0:00:08]} 29. e5 {[%emt 0:00:02]} Bxf3 {[%emt 0:00:04]} 30. exf6 {[%emt 0:00:02]} gxf6 {[%emt 0:00:01]} 31. Ke1 {[%emt 0:00:02]} Rd4 {[%emt 0:00:06]} 32. Ra4 {[%emt 0:00:05]} Rd3 {[%emt 0:00:03]} 33. Ra1 {[%emt 0:00:05]} f5 {[%emt 0:00:04]} 34. Rc1 {[%emt 0:00:02]} Rd4 {[%emt 0:00:01]} 35. Rc2 {[%emt 0:00:06]} Kg7 {[%emt 0:00:04]} 36. Rd2 {[%emt 0:00:01]} Rb4 {[%emt 0:00:00]} 37. Rd3 {[%emt 0:00:03]} Bc6 {[%emt 0:00:04]} 38. Nd1 {[%emt 0:00:02]} Kf6 {[%emt 0:00:03]} 39. Kd2 {[%emt 0:00:02]} Ba4 {[%emt 0:00:02]} 40. Kc1 {[%emt 0:00:03]} h5 {[%emt 0:00:03]} 41. Nc3 {[%emt 0:00:02]} Bc6 {[%emt 0:00:03]} 42. Rd6 {[%emt 0:00:02]} Rc4 {[%emt 0:00:02]} 43. Kc2 {[%emt 0:00:03]} Ke7 {[%emt 0:00:01]} 44. Rd2 {[%emt 0:00:03]} Rb4 {[%emt 0:00:05]} 45. Rd1 {[%emt 0:00:02]} h4 {[%emt 0:00:02]} 46. b3 {[%emt 0:00:02]} hxg3 {[%emt 0:00:04]} 47. hxg3 {[%emt 0:00:01]} f4 {[%emt 0:00:00]} 48. gxf4 {[%emt 0:00:03]} Rxf4 {[%emt 0:00:01]} 49. Rd2 {[%emt 0:00:01]} e5 {[%emt 0:00:02]} 50. Kb2 {[%emt 0:00:02]} Ke6 {[%emt 0:00:01]} 51. Ka3 {[%emt 0:00:01]} Rf3 {[%emt 0:00:02]} 52. Kb4 {[%emt 0:00:02]} f5 {[%emt 0:00:04]} 53. Na4 {[%emt 0:00:01]} f4 {[%emt 0:00:04]} 54. Kc5 {[%emt 0:00:03]} Be8 {[%emt 0:00:04]} 55. Kc4 {[%emt 0:00:03]} Kf5 {[%emt 0:00:02]} 56. Nc5 {[%emt 0:00:02]} Bf7+ {[%emt 0:00:01]} 57. Kb4 {[%emt 0:00:02]} e4 {[%emt 0:00:07]} 58. Re2 {[%emt 0:00:05]} e3 {[%emt 0:00:03]} 59. fxe3 {[%emt 0:00:02]} Rxe3 60. Rxe3 {[%emt 0:00:02]} fxe3 {[%emt 0:00:01]} 61. Kc3 {[%emt 0:00:01]} e2 {[%emt 0:00:02]} 62. Kd2 {[%emt 0:00:01]} Ke5 {[%emt 0:00:02]} 63. Kxe2 {[%emt 0:00:02]} Bxb3 {[%emt 0:00:02]} 1/2-1/2

[Event "IMSA Blitz Men 2019"]
[Site "Hengshui"]
[Date "2019.05.17"]
[Round "4.1"]
[White "Bu, Xiangzhi"]
[Black "Yu, Yangyi"]
[Result "1/2-1/2"]
[WhiteElo "2729"]
[BlackElo "2739"]
[Annotator "TA"]
[PlyCount "98"]
[EventDate "2019.05.17"]
[EventType "blitz"]
[EventCountry "CHN"]
[SourceTitle "playchess.com"]
[Source "ChessBase"]
[SourceQuality "1"]

{[%evp 12,98,15,0,4,0,0,0,0,0,29,12,12,14,12,16,49,56,58,63,67,66,88,83,88,88,85,88,88,81,88,82,82,83,83,83,87,92,86,79,98,105,107,92,93,93,93,93,95,89,110,97,97,99,129,69,56,61,52,49,45,41,43,8,8,-4,-4,-4,-4,-12,-8,-12,0,0,0,0,0,0,0,0,0,0,0,0,0,0,0,0,0]} 1. Nf3 Nf6 2. c4 e6 3. Nc3 d5 4. d4 Be7 5. Bg5 h6 6. Bxf6 Bxf6 7. Qb3 {[%cal Rc4d5]} dxc4 {D53: Queen's Gambit Declined: 4 Bg5 Be7: Early deviations} 8. Qxc4 O-O 9. e3 Nd7 (9... b6 10. Be2 Bb7 11. O-O Nd7 12. Rfd1 a6 13. a4 Rc8 14. b4 c5 15. dxc5 bxc5 {1-0 (59) Bu,X (2730)-Cheparinov,I (2710) Riadh 2017}) 10. Be2 a6 $146 ({Predecessor:} 10... e5 11. Rd1 exd4 12. Nxd4 Nb6 13. Qc5 Qe7 14. Qxe7 Bxe7 15. O-O {½-½ (57) Huang,Q (2478)-Kislik,E (2359) Reykjavik 2013}) 11. O-O b5 12. Qc6 Rb8 13. Ne4 $36 {[%mdl 2048] White has some pressure.} Bb7 14. Nxf6+ Nxf6 15. Qc2 Be4 16. Qc5 Qd6 17. Rfc1 Rfc8 18. Ne5 Ba8 19. Bf3 Bxf3 20. gxf3 Rb6 21. Qxd6 Rxd6 22. a4 bxa4 23. Nc6 {[#] Ne7+ is the strong threat.} Kf8 24. Rxa4 Ra8 25. b4 {[%cal Bb2b4,Bb4b5][%mdl 32]} Nd5 26. b5 a5 27. Rxa5 (27. Kg2 {seems wilder.} Nb6 28. Rxa5 Rxa5 29. Nxa5 Rd5 30. Rxc7 Rg5+ 31. Kh3) 27... Rxa5 28. Nxa5 $16 {[%mdl 4096] Endgame KRN-KRN} Rb6 29. Rc5 Ke8 30. Kg2 g5 31. Kg3 Rb8 32. Nc4 f6 33. e4 (33. Kg4 $16) 33... Nc3 $14 34. Rxc7 Nxb5 35. Rh7 Rd8 36. Rxh6 Kf7 $1 {[%cal Rf7g7] next ...Kg7 is good for Black.} 37. e5 f5 {The position is equal.} 38. Rh7+ Kg6 39. Re7 $1 {[%cal Re7e6]} Nxd4 {[#] aiming for ...Ne2+.} 40. h4 gxh4+ 41. Kxh4 Nxf3+ 42. Kg3 Nd4 43. Ne3 Ne2+ 44. Kf3 Nd4+ 45. Kg3 Ne2+ 46. Kf3 Nd4+ 47. Kg3 Ne2+ 48. Kf3 Nd4+ 49. Kg3 Ne2+ {Accuracy: White = 79%, Black = 78%.} 1/2-1/2

[Event "IMSA Blitz Men 2019"]
[Site "Hengshui"]
[Date "2019.05.17"]
[Round "4.1"]
[White "Vidit, Santosh Gujrathi"]
[Black "Ponomariov, Ruslan"]
[Result "1-0"]
[WhiteElo "2707"]
[BlackElo "2675"]
[Annotator "RC"]
[PlyCount "51"]
[EventDate "2019.05.17"]
[EventType "blitz"]
[EventCountry "CHN"]
[SourceTitle "playchess.com"]
[Source "ChessBase"]
[SourceQuality "1"]
[TimeControl "180+2"]

1. d4 {[%emt 0:00:00]} Nf6 {[%emt 0:00:00]} 2. c4 {[%emt 0:00:00]} g6 {[%emt 0:00:00]} 3. g3 {[%emt 0:00:01]} Bg7 {[%emt 0:00:00]} 4. Bg2 {[%emt 0:00:01]} O-O {[%emt 0:00:03]} 5. Nc3 {[%emt 0:00:01]} c5 {[%emt 0:00:02]} 6. dxc5 {[%emt 0:00:01]} Qa5 {[%emt 0:00:10]} 7. Qa4 {[%emt 0:00:02]} Qxc5 {[%emt 0:00:09]} 8. Be3 {[%emt 0:00:01]} Qc7 {[%emt 0:00:18]} 9. Nh3 {[%emt 0:00:01]} Ng4 {[%emt 0:00:34]} 10. Bd2 {[%emt 0:00:16]} Nc6 {[%emt 0:00:14]} 11. O-O {[%emt 0:00:16]} d6 {[%emt 0:00:01]} 12. Nf4 {[%emt 0:00:08]} Bd7 {[%emt 0:00:01]} 13. Nfd5 {[%emt 0:00:07]} Qd8 {[%emt 0:00:01]} 14. Qa3 {[%emt 0:00:07]} a6 {[%emt 0:00:34]} 15. c5 {[%emt 0:00:51]} dxc5 {[%emt 0:00:09]} 16. Qxc5 {[%emt 0:00:04]} Bd4 {[%emt 0:00:03]} 17. Qa3 {[%emt 0:00:16]} e6 {[%emt 0:00:02]} 18. Nf4 {[%emt 0:00:14]} Qb6 {[%emt 0:00:15]} 19. e3 {[%emt 0:00:07]} Bc5 {[%emt 0:00:09]} 20. Na4 {[%emt 0:00:03]} Bxa3 {[%emt 0:00:11]} 21. Nxb6 {[%emt 0:00:01]} Bxb2 {[%emt 0:00:16]} 22. Rab1 {[%emt 0:00:02]} Bg7 {[%emt 0:00:06]} 23. Nxd7 {[%emt 0:00:13]} Rfd8 {[%emt 0:00:02]} 24. Rxb7 {[%emt 0:00:03]} Rac8 {[%emt 0:00:01]} 25. Nb6 {[%emt 0:00:07]} Rb8 {[%emt 0:00:03]} 26. Rxb8 {[%emt 0:00:05]} 1-0

[Event "IMSA Blitz Men 2019"]
[Site "Hengshui"]
[Date "2019.05.17"]
[Round "4.1"]
[White "Le, Quang Liem"]
[Black "Leko, Peter"]
[Result "1/2-1/2"]
[WhiteElo "2704"]
[BlackElo "2674"]
[Annotator "TA"]
[PlyCount "136"]
[EventDate "2019.05.17"]
[EventType "blitz"]
[EventCountry "CHN"]
[SourceTitle "playchess.com"]
[Source "ChessBase"]
[SourceQuality "1"]

{[%evp 9,136,16,16,12,12,13,13,6,6,0,8,7,21,29,27,9,9,9,17,19,20,0,12,0,11,5,28,20,12,-31,-33,-179,63,75,62,52,50,48,50,50,52,53,58,57,67,35,38,48,67,23,34,22,67,67,67,67,67,67,67,67,67,56,67,0,80,84,72,0,72,47,82,58,83,0,89,0,0,0,82,0,0,0,131,66,70,0,0,-72,0,-30,-34,-42,-52,-42,0,0,0,0,0,0,0,0,0,0,0,0,0,0,53,53,101,64,1437,1473,1393,1337,1089,0,0,0,0,0,0,0,0,0,0,0,0]} 1. e4 e5 2. Nf3 Nc6 3. Bb5 Nf6 4. d3 Bc5 5. O-O Nd4 6. Be3 {C65: Ruy Lopez: Berlin Defence (3...Nf6), unusual lines and 4 0-0 Bc5} (6. Nxd4 Bxd4 7. c3 Bb6 8. Ba4 O-O 9. Bg5 h6 10. Bh4 d6 11. Nd2 g5 12. Bg3 Bg4 13. Qe1 Nh5 14. Bd1 Bxd1 15. Qxd1 Nxg3 16. hxg3 {½-½ (47) Caruana,F (2828)-Robson,R (2667) chess.com INT 2019}) 6... Nxf3+ 7. Qxf3 Bxe3 8. Qxe3 O-O 9. Nd2 $146 ({Predecessor:} 9. d4 exd4 10. Qxd4 d5 11. e5 Nd7 12. Bxd7 Qxd7 13. f4 f6 14. Re1 {½-½ (14) Janisch,M (2399)-Auzins,M (2400) ICCF email 2016}) 9... d6 10. Bc4 Be6 11. Bxe6 fxe6 12. Qh3 Qe7 13. c3 Rf7 14. Rae1 Raf8 15. Nf3 {Strongly threatening Ng5.} Nd7 16. Re3 Rf6 17. Nd2 Rh6 18. Qg4 Nf6 19. Qe2 Nh5 {aiming for ...Nf4.} 20. g3 {[#]} (20. Qe1 $15) 20... Nf6 $2 (20... Nf4 $1 $19 {[%cal Rf4e2][%mdl 512]} 21. Qd1 (21. gxf4 $2 exf4 22. Rg3 fxg3 $19) 21... Nh3+ 22. Kg2 Qg5) 21. d4 $14 Nd7 22. Nf3 Rhf6 23. dxe5 Nxe5 24. Nxe5 dxe5 25. Rd3 a6 26. Kg2 R6f7 27. f3 h6 28. Rfd1 Kh7 29. a4 Qe8 30. b3 Qc6 31. h4 a5 32. h5 Qb6 33. c4 Qc5 34. Qf2 Qe7 35. Qd2 Qc5 36. Qf2 Qe7 $1 37. c5 Qg5 {[#]} 38. Rh1 (38. Qd2 $1 $16) 38... Qe7 (38... Rd8 $11 39. Rhd1 Rxd3 40. Rxd3 Qc1) 39. Qc2 (39. c6 $5) 39... Qg5 40. Qc3 b6 {[#]} 41. c6 (41. Qc1 $1 $16) 41... Rf6 (41... Rd8 $1 $11) 42. Rh4 R6f7 43. Rh1 Rf6 44. Rh3 (44. Qc1 $16) 44... R6f7 $11 45. Rh4 Qf6 (45... Rd8 $11 {keeps the balance.}) 46. Qd2 (46. Rg4 $16) 46... Qe7 47. Rg4 ({Better is} 47. Rh1 $14) 47... Qc5 48. Rc3 (48. Qc3 $11 Qxc3 49. Rxc3) 48... Qb4 ({Black should play} 48... Rd8 $1 $17 {[%cal Rd8d2]} 49. Qc1 Qe7) 49. Qc2 Rd8 50. Rg6 Qd6 51. Kh3 Qe7 52. Rd3 $1 Rd6 53. Qc4 Rf6 54. Rxf6 gxf6 {[%mdl 4096] Endgame KQR-KQR} 55. Kg2 Kg7 56. Kf1 Qd8 57. Ke2 Kf7 58. Qc3 Ke7 ({Black should try} 58... Rd4 $11) 59. Rxd6 $1 $14 Qxd6 {KQ-KQ} 60. Qc1 Qb4 $2 {[%mdl 8192]} (60... Qd4 $14) 61. Qxh6 $18 Qxb3 62. Qg7+ Kd6 63. h6 $2 (63. Qd7+ $18 Kc5 64. h6) 63... Qc2+ $11 {The position is equal.} 64. Kf1 Qd1+ 65. Kg2 {Intending Qd7+ and mate.} Qe2+ 66. Kg1 Qe1+ 67. Kg2 Qe2+ 68. Kg1 Qe1+ {Accuracy: White = 49%, Black = 51%.} 1/2-1/2

[Event "IMSA Blitz Men 2019"]
[Site "Hengshui"]
[Date "2019.05.17"]
[Round "4.1"]
[White "Jones, Gawain C B"]
[Black "Fedoseev, Vladimir"]
[Result "0-1"]
[WhiteElo "2702"]
[BlackElo "2683"]
[Annotator "RC"]
[PlyCount "72"]
[EventDate "2019.05.17"]
[EventType "blitz"]
[EventCountry "CHN"]
[SourceTitle "playchess.com"]
[Source "ChessBase"]
[SourceQuality "1"]
[TimeControl "180+2"]

1. e4 {[%emt 0:00:00]} c5 {[%emt 0:00:00]} 2. Nf3 {[%emt 0:00:00]} Nc6 {[%emt 0:00:02]} 3. Bb5 {[%emt 0:00:00]} g6 {[%emt 0:00:02]} 4. O-O {[%emt 0:00:02]} Bg7 {[%emt 0:00:01]} 5. Re1 {[%emt 0:00:00]} Nf6 {[%emt 0:00:07]} 6. e5 {[%emt 0:00:02]} Nd5 {[%emt 0:00:02]} 7. Nc3 {[%emt 0:00:01]} Nc7 {[%emt 0:00:01]} 8. Bxc6 {[%emt 0:00:01]} dxc6 {[%emt 0:00:02]} 9. Ne4 {[%emt 0:00:02]} b6 {[%emt 0:00:13]} 10. d3 {[%emt 0:00:01]} O-O {[%emt 0:00:08]} 11. h3 {[%emt 0:00:33]} Ne6 {[%emt 0:00:07]} 12. b3 {[%emt 0:00:10]} f5 {[%emt 0:00:30]} 13. Neg5 {[%emt 0:00:31]} Nc7 {[%emt 0:00:09]} 14. h4 {[%emt 0:00:07]} f4 {[%emt 0:00:06]} 15. Bb2 {[%emt 0:00:21]} h6 {[%emt 0:00:04]} 16. Ne4 {[%emt 0:00:03]} Bg4 {[%emt 0:00:06]} 17. Qe2 {[%emt 0:00:11]} Ne6 {[%emt 0:00:05]} 18. Ned2 {[%emt 0:00:02]} g5 {[%emt 0:00:07]} 19. Qe4 {[%emt 0:00:07]} Qe8 {[%emt 0:00:01]} 20. hxg5 {[%emt 0:00:04]} hxg5 {[%emt 0:00:02]} 21. Nh2 {[%emt 0:00:01]} Bf5 {[%emt 0:00:02]} 22. Qf3 {[%emt 0:00:08]} Rc8 {[%emt 0:00:11]} 23. Ne4 {[%emt 0:00:06]} Qg6 {[%emt 0:00:03]} 24. Ng4 {[%emt 0:00:01]} Kf7 {[%emt 0:00:07]} 25. Qe2 {[%emt 0:00:21]} Rh8 {[%emt 0:00:06]} 26. f3 {[%emt 0:00:01]} Qh5 {[%emt 0:00:28]} 27. Nef2 {[%emt 0:00:01]} Qh4 {[%emt 0:00:05]} 28. a4 {[%emt 0:00:33]} Rh5 {[%emt 0:00:03]} 29. a5 {[%emt 0:00:04]} b5 {[%emt 0:00:10]} 30. Qd2 {[%emt 0:00:14]} Rch8 {[%emt 0:00:03]} 31. Kf1 {[%emt 0:00:01]} Qg3 {[%emt 0:00:05]} 32. Ke2 {[%emt 0:00:01]} Bxg4 {[%emt 0:00:07]} 33. fxg4 {[%emt 0:00:03]} Rh2 {[%emt 0:00:01]} 34. Rg1 {[%emt 0:00:05]} Rxg2 {[%emt 0:00:01]} 35. Rxg2 {[%emt 0:00:01]} f3+ {[%emt 0:00:03]} 36. Kd1 {[%emt 0:00:09]} fxg2 {[%emt 0:00:01]} 0-1

[Event "IMSA Blitz Men 2019"]
[Site "Hengshui"]
[Date "2019.05.17"]
[Round "4.1"]
[White "Korobov, Anton"]
[Black "Rapport, Richard"]
[Result "1-0"]
[WhiteElo "2687"]
[BlackElo "2736"]
[Annotator "TA"]
[PlyCount "113"]
[EventDate "2019.05.17"]
[EventType "blitz"]
[EventCountry "CHN"]
[SourceTitle "playchess.com"]
[Source "ChessBase"]
[SourceQuality "1"]

{[%evp 14,113,25,28,34,28,22,24,35,16,20,21,17,16,20,15,27,0,0,0,24,0,46,48,83,62,72,72,72,64,112,110,108,99,96,97,187,64,69,72,162,168,375,243,238,227,199,194,243,232,454,454,434,377,443,468,452,434,468,467,620,550,530,491,471,457,741,712,597,460,560,522,445,354,441,418,433,406,382,382,439,422,980,375,375,372,491,472,854,856,789,755,1041,914,1553,1531,1391,1142,6414,6418,29985,29985]} 1. d4 e6 2. c4 b6 3. Nf3 Bb7 4. a3 Nf6 5. Nc3 Ne4 6. Nxe4 Bxe4 7. Nd2 Bg6 8. g3 Nc6 {E12: Queen's Indian: Unusual White 4th moves, 4 a3, 4 Nc3 Bb7 5 a3 and 4 Nc3 Bb7} 9. e3 e5 10. d5 Na5 {White has an edge.} 11. Bg2 Bd6 12. b4 Nb7 13. Bb2 {[#]} O-O $146 ({Predecessor:} 13... a5 14. O-O {1-0 (54) Korobov,A (2664)-Rapport,R (2719) Abu Dhabi 2018}) 14. O-O a5 15. Qb3 Qe7 {[%cal Ra5b4]} 16. Bc3 Ra7 17. e4 axb4 18. axb4 Rfa8 {next ...Rxa1 is good for Black.} 19. Rxa7 Rxa7 20. c5 bxc5 21. b5 $1 Bh5 22. b6 cxb6 23. Qxb6 Bb8 24. Rb1 {Hoping for Nb3.} Be2 {[#]} (24... Qe8 $16) 25. Bf1 ({White has to play} 25. Qxa7 $1 $18 {[%mdl 512]} Bxa7 26. Rxb7) 25... Bxf1 $14 26. Kxf1 Qd6 (26... Qe8 $16 {was necessary.}) 27. Nc4 $1 $36 {[%csl LRd6,LRe5][%mdl 2048] White is in control.} Qc7 $2 (27... Qxb6 28. Nxb6 Nd6) 28. Bxe5 Qxb6 29. Rxb6 Bxe5 30. Nxe5 {[%mdl 4096] Endgame KRN-KRN} f6 31. Nxd7 Na5 $2 (31... c4 32. e5 Kf7) 32. Nxc5 Nc4 33. Rb4 Ra1+ 34. Kg2 Nd6 35. h4 Re1 36. g4 g6 37. f3 f5 38. gxf5 gxf5 39. Kg3 Kf7 (39... fxe4 $142 40. fxe4 Kf7) 40. Kf4 fxe4 41. fxe4 Rf1+ 42. Ke5 Ke7 43. Ne6 Rh1 44. Ng7 Nf7+ 45. Kd4 Rd1+ 46. Ke3 Kf6 47. Nf5 {Strongly threatening Rb6+.} Ke5 (47... Re1+ $142 48. Kf2 Ra1 49. Rb6+ Ke5) 48. Nd4 $2 (48. Rb7 {Threatening mate with Re7+.} Re1+ 49. Kf3 Rf1+ 50. Kg2) 48... Re1+ 49. Kf3 Rf1+ 50. Ke2 Rh1 (50... Ra1 $142 51. Nc6+ Kd6) 51. Nf3+ Kd6 52. Rb6+ Kd7 53. e5 {Black must now prevent e6+.} Ke7 54. Rb7+ Ke8 55. d6 Nd8 56. Rxh7 Kf8 57. Rh8+ {Accuracy: White = 63%, Black = 31%.} 1-0

[Event "IMSA Blitz Men 2019"]
[Site "Hengshui"]
[Date "2019.05.17"]
[Round "4.1"]
[White "Cheparinov, Ivan"]
[Black "Mamedov, Rauf"]
[Result "1-0"]
[WhiteElo "2667"]
[BlackElo "2650"]
[Annotator "TA"]
[PlyCount "97"]
[EventDate "2019.05.17"]
[EventType "blitz"]
[EventCountry "CHN"]
[SourceTitle "playchess.com"]
[Source "ChessBase"]
[SourceQuality "1"]

{[%evp 13,97,22,47,33,39,26,51,59,46,56,60,35,52,38,52,27,30,37,56,53,73,62,87,99,97,91,149,120,112,47,583,127,116,115,130,132,132,127,342,317,358,355,393,370,361,229,414,413,379,393,360,406,414,397,384,397,407,245,1120,0,396,389,425,379,365,203,197,0,339,231,259,124,472,471,458,409,383,0,437,421,554,543,1991,1976,1700,525]} 1. d4 Nf6 2. c4 g6 3. Nc3 Bg7 4. e4 d6 5. h3 O-O 6. Be3 e5 7. d5 c6 8. g4 {E71: King's Indian: 4 e4 d6 5 h3} Na6 9. Nge2 Nc5 10. Ng3 {White is slightly better.} a5 11. Be2 (11. g5 Nfd7 12. h4 cxd5 13. Nxd5 Nb6 14. Nc3 Be6 15. b3 a4 {1-0 (36) Ding,L (2777)-Amonatov,F (2636) Riadh 2017}) 11... cxd5 12. cxd5 Bd7 13. h4 a4 14. g5 $146 ({Predecessor:} 14. f3 Qa5 15. Qd2 Rfc8 {½-½ (41) Dobrovoljc,V (2316)-Secheres,A (2408) Manavgat 2018}) 14... Ne8 15. h5 Rc8 16. Qd2 Qa5 17. Nb5 Qb6 18. Na3 $1 Qd8 19. Rc1 f5 ({Black should play} 19... f6) 20. hxg6 f4 21. Bxc5 (21. gxh7+ $16 Kh8 22. Bxc5) 21... dxc5 $2 {[%mdl 8192]} ({Better is} 21... hxg6 $14 22. Be3 fxe3 23. Qxe3 Rxc1+ 24. Qxc1 Rf4) 22. gxh7+ $2 (22. d6 $1 $18 {Qd5+ would kill now.} hxg6 23. Bc4+ Rf7 24. Qd5 $1 {[%mdl 576] Double Attack} Nxd6 25. Qxd6) 22... Kh8 $16 23. Nh5 Qxg5 24. Bf3 $1 b5 {[#]} 25. Ke2 $1 $36 {[%mdl 2048] White is on the roll.} Bh6 $2 (25... Rf7 $16 26. Rcg1 Qe7) 26. Rcg1 $18 Qe7 27. Rg6 Bg7 28. Rhg1 Rf7 29. Bg4 Qh4 $2 (29... Bxg4+ {was worth a try.} 30. R1xg4 Rb8) 30. Nxg7 Nxg7 31. Bxd7 Rxd7 32. Nxb5 f3+ 33. Kd1 Qxe4 34. Nc3 Qf5 35. Qg5 Qd3+ $2 {[#]} (35... Rxd5+ 36. Kc1 (36. Nxd5 Qb1+ {[%mdl 64] Double Attack} 37. Qc1 Qd3+ {[%mdl 64] Double Attack} 38. Qd2 Qb1+ {[%mdl 64] Double Attack} 39. Qc1 Qd3+ {[%mdl 64] Double Attack} 40. Qd2 Qb1+ {[%mdl 64] Double Attack} 41. Qc1 $11) 36... Qxg5+ 37. R6xg5 (37. R1xg5 Rd7 $18) 37... Rd7 38. Nxa4 Re7) 36. Qd2 $2 ({Less strong is} 36. Kc1 a3 $16) (36. Ke1 $1 {[%cal Rg6g7]} Qf5 37. Qxf5 Nxf5 38. Rg8+ {[%mdl 64] Double Attack} Kxh7 39. Rxc8) 36... Qf5 $1 37. R6g5 Qh3 38. R5g3 Qf5 39. Qg5 (39. a3 $142) 39... Qd3+ 40. Qd2 (40. Kc1 $142) 40... Qf5 $1 41. Qe3 a3 42. b3 ({Worse is} 42. bxa3 Rxd5+ 43. Ke1 (43. Nxd5 Qb1+ 44. Kd2 Qxa2+ {[%mdl 64] Double Attack} 45. Kd1 Qb1+ {[%mdl 64] Double Attack} 46. Qc1 Qd3+ {[%mdl 64] Double Attack} 47. Qd2 Qb1+ 48. Qc1 Qd3+ {[%mdl 64] Double Attack} 49. Qd2 Qb1+ 50. Qc1 $11) 43... Rb8 $11) (42. Qxf3 $18 Qxf3+ 43. Rxf3) 42... Rf8 $2 {[%mdl 8192]} (42... Rxd5+ $16 {is tougher.} 43. Ke1 (43. Nxd5 Qb1+ 44. Kd2 Qxa2+ 45. Kd3 Qxb3+ 46. Ke4 {[%mdl 64] Double Attack} Qc4+ 47. Kxf3 Rf8+ 48. Kg2 Qxd5+ 49. Kh2 Rf5 $11) 43... Rcd8 44. Qxf3 (44. Nxd5 Qb1+ 45. Kd2 Qxa2+ 46. Kc3 Rb8 $11) 44... Qxf3 45. Rxf3 Rd4) 43. Rg5 Qf6 44. Rg6 Qf5 45. R6g5 Qf6 $1 46. Qxe5 {White is clearly winning.} Qxe5 47. Rxe5 Nf5 {[#]} 48. Rg8+ $1 {[%mdl 64] Promotion} Rxg8 49. hxg8=Q+ {Accuracy: White = 54%, Black = 42%.} (49. hxg8=R+ $142 Kxg8 50. Rxf5) 1-0

[Event "IMSA Blitz Men 2019"]
[Site "Hengshui"]
[Date "2019.05.17"]
[Round "4.2"]
[White "Yu, Yangyi"]
[Black "Bu, Xiangzhi"]
[Result "0-1"]
[WhiteElo "2739"]
[BlackElo "2729"]
[Annotator "TA"]
[PlyCount "124"]
[EventDate "2019.05.17"]
[EventType "blitz"]
[EventCountry "CHN"]
[SourceTitle "playchess.com"]
[Source "ChessBase"]
[SourceQuality "1"]

{[%evp 20,124,27,28,24,26,31,16,14,16,23,23,31,18,43,32,26,29,73,73,83,69,95,26,66,72,74,-30,-36,-31,-41,-34,-28,-32,-39,-60,-60,-47,0,0,0,0,0,0,0,0,0,0,0,-32,-34,-41,-43,-83,-90,-117,-117,-115,-108,-131,-128,-1786,-1755,-1485,-1473,-1485,-1381,-1349,-1196,-1131,-575,-1332,-1260,-1243,-1082,-6095,-6102,-6083,-6102,-6109,-6095,-6087,-5443,-6337,-6194,-6194,-6287,-29979,-29976,-29983,-29984,-29984,-29985,-29986,-29987,-29987,-29988,-29988,-29989,-29994,-29985,-29988,-29989,-29989,-29990,-29990,-29991]} 1. e4 e5 2. Nf3 Nc6 3. Bb5 a6 4. Ba4 Nf6 5. O-O Be7 6. Re1 b5 7. Bb3 O-O 8. c3 d6 9. h3 Bb7 10. d4 Re8 11. Nbd2 {[%cal Bb1d2,Bd2f1,Bf1g3,Bg3f5][%mdl 32]} exd4 {C92: Closed Ruy Lopez: 9...Be6, Karpov and Flohr-Zaitsev Variations} (11... Bf8 12. a3 g6 13. Ba2 Bg7 14. b4 exd4 15. cxd4 a5 16. Rb1 axb4 17. d5 Ne5 18. Nxe5 dxe5 19. Rxb4 c6 20. dxc6 Bxc6 21. Qf3 Bf8 22. Rb1 {1-0 (33) Topalov,V (2740)-Mamedyarov,S (2790) Shamkir 2019}) 12. cxd4 Nd7 13. Nf1 Na5 {The position is equal.} 14. Bc2 Bf6 15. Rb1 c5 16. d5 Nc4 17. N3h2 Nce5 18. Ng3 Ng6 19. Ng4 $146 ({Predecessor:} 19. Rf1) 19... Be7 20. Nf5 Bf8 21. Be3 (21. b3 $16) 21... Bc8 22. f4 Nf6 23. Qf3 ({Better is} 23. Nxf6+ $16 Qxf6 24. g4) 23... Nxe4 $11 24. Bxe4 {Black must now prevent Bf2.} Bxf5 $1 25. Bxf5 Nh4 $1 {[%csl LRf3,LRf5][%mdl 64] [#] Double Attack} 26. Bxh7+ Kxh7 27. Qf2 {Threatens to win with f5.} Nf5 $1 28. Bd2 Qh4 29. Qxh4+ Nxh4 30. Kf2 Nf5 31. Ne3 Nxe3 32. Rxe3 Rxe3 33. Kxe3 {[%mdl 4096] Endgame KRB-KRB} g6 34. Bc3 Re8+ 35. Kd3 Bg7 36. Bxg7 Kxg7 $15 {KR-KR} 37. b3 f5 38. g3 Re4 39. Rd1 Kf6 40. h4 $2 {[%mdl 8192]} (40. Rh1 $17) 40... Rd4+ $19 41. Ke2 Rxd1 42. Kxd1 {KP-KP} Ke7 43. Ke2 Kd7 44. Kf3 Kc7 45. g4 fxg4+ 46. Kxg4 Kd7 47. f5 gxf5+ 48. Kxf5 Ke7 49. h5 Kf7 50. h6 Kg8 51. Kg5 Kh7 52. Kf5 Kxh6 53. Ke6 c4 {Black mates.} 54. bxc4 bxc4 55. Kxd6 {KPP-KPP} c3 56. Ke7 c2 57. d6 c1=Q 58. d7 {[#]} Qc7 $1 59. Ke8 Qe5+ 60. Kd8 Kg7 61. Kc8 Qc5+ 62. Kb7 Qd6 {Accuracy: White = 46%, Black = 82%.} 0-1